• ҳ
  • ݽ
  • ֪ͨ
  • ݲؼ
  • Դ
  • ߵ
  • οѯ
  • ҵͼ
  • ¼
  • ڿϸʾ
  • ֿʾ
  • ϶ʾ
  • ƪĿϢʾ

ڿϢ

  • 表格格式
  • 工作单格式
  • 卡片格式
索取号 
I1/WGJY
题名 
作者 
ʦѧо
分册号 
分册名 
出版地 
出版者 
ʦѧ
标准刊号 
出版频率 
˫¿
中图法分类 
I1
主题词 
ѧ
电子资源 
000 00601nas0 2200193 45
001 0733706641
005 2007091009214664
011    @d7.68
100    @a20070910d km y0chiy0120 ea
101 0  @achi
110    @aagaz 0xx0
200 1  @a@AWai Guo Jiao Yu@fʦѧо@FBei Jing Shi Fan Da Xue Wai Guo Jiao Yu Yan Jiu Suo
210    @a@cʦѧ
326    @a˫¿
606 0  @aѧ@x
690    @aI1@v4
711 02 @aʦѧо@ABei Jing Shi Fan Da Xue Wai Guo Jiao Yu Yan Jiu Suo
801  0 @aCN@bPFT@c20070910
905    @a213230@dI1@eWGJY
    
    /ʦѧо.-ʦѧ
    
    
    
    7.68
    
●
相关链接: 在易读查询期刊 在中国知网中查询期刊 在万方数据查询期刊 在维普查询期刊
ɽʦѧԺͼ 欢迎您!
大连网信软件有限公司© 版权所有